| 000 | 00360nam a2200133Ia 4500 | ||
|---|---|---|---|
| 008 | 150202s9999 xx 000 0 und d | ||
| 020 | _a812530225 | ||
| 050 |
_aFIC _bFIC |
||
| 100 | _aAnderson, Paul. | ||
| 245 | 4 |
_aThe stars are also fire / _cPaul Anderson. |
|
| 260 |
_aNew York : _bTor Books, _c1994. |
||
| 300 |
_a561 pages : _c18 cm. |
||
| 650 | _aFiction. | ||
| 999 |
_c281839 _d281839 |
||